000 00806cab a2200205 4500
001 ABS45032
008 090401t1991 xxu||||| |||| 00| 0 eng d
035 _a(Sirsi) u50524
041 _aeng
100 _aHeap, D.
245 4 _aThe need to give reasons - but of what kind?
260 _c1991
350 _a0
490 _aJournal of Planning and Environment Law
_v(1991) JPL 707-710(4)
520 _aDebates the need for the SoS or his inspector to give reasons for planning decisions in the light of Save Britain`s Heritage v SoS for the Environment 1991, which considered the adequacy of the SoS`s reasons for allowing demolition of a listed building contrary to general government policy.
690 _aPLANNING LAW AND PRACTICE
700 _aThomas, M.
942 _n0
948 _c04/03/1997
999 _c31531
_d31531